000 00674 a2200217 4500
005 20260409150239.0
008 260409b |||||||| |||| 00| 0 eng d
020 _a978-0-525-5-1060-4 (hbk)
037 _cTB
040 _aCRL
_cCRL
041 _2eng
_aeng
084 _aR3wN R3
_qCRL
100 _aNikhil Krishnan
_91115729
245 _aTerribly serious adventure: philosophy and war at Oxford,1900-1960
260 _aNew York. USA:
_bRandom House,
_c2023.
300 _a368p.
365 _b28.99
_cUSD
650 _aPhilosophy
942 _cTB
_2CC
_hR3wN R3
999 _c1679622
_d1679622